| 000 | 00506nam a22002057i 4500 | ||
|---|---|---|---|
| 001 | 8488 | ||
| 003 | OSt | ||
| 005 | 20170126082411.0 | ||
| 007 | tu | ||
| 008 | 161220s1973 xxu||||| |||| 00| 0 d | ||
| 024 | 7 |
_a8488 _2RID |
|
| 040 | _cOSt | ||
| 100 | 1 | _aFremer, Miroslav | |
| 245 | 0 | 0 | _aNektere rysy revizionismu v politicke ekonomii v druhe polovine 60. let v CSSR |
| 260 |
_aPraha : _bSvoboda, _c1973. |
||
| 300 | _a97 S. | ||
| 490 |
_adialogy _v17 |
||
| 700 | 1 | _aKolacek, Frantisek | |
| 700 | 1 | _aSedivec, Vaclav | |
| 942 | _cB | ||
| 999 |
_c7101 _d7101 |
||